Ports d'attache français - Statistiques

Statistiques générales
  • Ce quiz a été pris 102 fois
    46 depuis la dernière actualisation
  • Le résultat moyen est 20 sur 43
Statistiques - réponses
Hint Réponse % Correct
AJ Ajaccio
90%
BR Brest
85%
MA Marseille
85%
DK Dunkerque
82%
TL Toulon
79%
LR La Rochelle
77%
LH Le Havre
77%
LO Lorient
77%
NI Nice
74%
SN Saint-Nazaire
74%
BA Bayonne
72%
BX Bordeaux
72%
SM Saint-Malo
69%
CH Cherbourg
67%
VA Vannes
67%
BI Bastia
62%
SB Saint-Brieuc
59%
NA Nantes
56%
DP Dieppe
54%
RO Rouen
54%
BL Boulogne
51%
PP Pointe-à-Pitre
46%
CN Caen
44%
FF Fort-de-France
44%
LS Les Sables d'Olonne
41%
FC Fécamp
38%
AC Arcachon
36%
MX Morlaix
36%
ST Sète
36%
CY Cayenne
31%
CC Concarneau
26%
YE Yeu (île d')
26%
DZ Douarnenez
23%
AY Auray
21%
NO Noirmoutier
21%
IO Oléron
18%
MT Martigues
15%
PL Paimpol
13%
PV Port-vendres
13%
CM Camaret
8%
MN Marennes
8%
AD Audierne
5%
GV Le Guilvinec
5%
Aucun quiz correspondant
Distribution des résultats
% des personnes avec chaque résultat
Percentile par nombre de réponses
Votre historique - résultats
Vous n’avez pas pris ce quiz depuis la dernière actualisation